| 000 | 00932cam a2200301 i 4500 | ||
|---|---|---|---|
| 001 | 109125 | ||
| 005 | 20230410130935.0 | ||
| 008 | 750904s1975 sp b 000 0 spa | ||
| 035 | _a4116658 | ||
| 010 | _a 75512333 | ||
| 015 | _aSp*** | ||
| 020 | _a843220286x | ||
| 035 | _9(DLC) 75512333 | ||
| 040 |
_aDLC _cDLC _dDLC |
||
| 041 | _aspa | ||
| 050 | 1 | 4 |
_aPQ 8498.32 _bV297o 1975 |
| 100 | 2 |
_aVargas Llosa, Mario _d1936- |
|
| 245 | 1 | 3 |
_aLa orgía perpetua _bFlaubert y "Madame Bovary" / _cMario Vargas Llosa. |
| 260 |
_aBarcelona _bseix barral _c1975. |
||
| 300 |
_a277 p. _c21 cm. |
||
| 490 | 0 | _aPersiles 80 | |
| 504 | _aIncludes bibliographical references. | ||
| 650 | 4 |
_aFlaubert, Gustave, _dCritica e interpretación. |
|
| 650 | 4 |
_aCritica literaria _xPerú |
|
| 856 | 4 | 2 |
_3Contributor biographical information _uhttp://www.loc.gov/catdir/enhancements/fy1111/75512333-b.html |
| 942 |
_2lcc _cbk |
||
| 946 | _adpf | ||
| 999 |
_c83145 _d83145 |
||